000 01257nam a22003617a 4500
003 CHAP
005 20220329141729.0
008 971013s1972 r 00010 d
010 _a72943
011 _a73915
035 _a83473
040 _cCHAP
090 _aTesis
100 0 0 _aCantú Villarreal, Javier.
_918533
245 _aPrueba de adaptación y rendimiento de 12 sorgos forrajeros (regados con aguas negras) en ciclo tardío, en General Escobedo, N. L.
260 _aMonterrey, N. L. :
_bEl autor,
_c1972
300 _a46 h.
502 _aTesis (Ing. Agrónomo) -- Univ. Autónoma de Nuevo León
590 _aALEPH
_b10
_c20130110
_lUCH01
_h1415
590 _aBATCH-UPD
_b10
_c20130110
_lUCH01
_h1244
590 _aBATCH-UPD
_b10
_c20130410
_lUCH01
_h0808
590 _aBATCH-UPD
_b10
_c20130914
_lUCH01
_h0103
590 _aBATCH-UPD
_b10
_c20130914
_lUCH01
_h2031
590 _aCONVERSION
_b10
_c20130109
_lUCH01
_h1340
650 1 4 _aAguas residuales para irrigación.
_92591
650 1 4 _aSorgo como forraje.
_9108743
650 1 4 _aSorgo
_xEfecto del medio ambiente.
_9108658
650 1 4 _aSorgo
_xRendimiento.
_9108714
650 1 4 _aSorgo
_xVariedades.
_9108734
901 _aBK
942 _cTESIS
949 _bBC
_cTES
_d-38053
_eTS1
_i83473
_si
999 _c72943
_d72943